000 00701nam a2200181 i 4500
001 152689
003 ES-MaACL
005 20230906204838.0
008 931025s1894 sp |||| | spa d
100 1 _aBreñosa, Rafael.
_931602
245 1 0 _aTablas para la cubicación cilíndrica calculadas /
_cpor Rafael Breñosa.
260 _aMadrid :
_b[s.n.],
_c1894 (
_fImpr. de Ricardo Rojas)
300 _a16 p. ;
_c24 cm.
530 _aDisponible también en sitio web.
650 4 _aBosques-
_xMedición.
_9148106
852 _aES-MaACL
_jG-9537(3)
_z-- Enc. hol.
856 _uhttp://bibliotecadigitalhispanica.bne.es:80/webclient/DeliveryManager?pid=1684237&custom_att_2=simple_viewer
_zIr a la página
999 _c152689
_d152689